000 00503nam a2200181 4500
001 9585
090 _a9585
099 _tLIVR
100 _a20260324d u||y0frey5050 ba
101 _afre
102 _aFR
200 _aLa muse
_bLIVR
_e(recueil de poésie)
_fMohamed Selmi
210 _aParis
_céditions "Littératures Nouvelles"
_d1984
215 _a26 p.
_ccouv. ill.
_d21x15
606 _aLittérature
_xPoésie
_926457
700 _4070
_aSelmi
_bMohamed
_98895
801 _aTN
_b32BIS
_c20260324
_gUNIMARC
830 _aSG